00507nam a22001337a 4500008004100000040005500041080001600096100001500112245011900127260008700246300000900333650001500342653001600357230605b |||||||| |||| 00| 0 eng d aNational Science LibrarycNational Science Library a621.314bL7 aBetts, P J aCalculated temperature coefficient of transformersc/ Commonwealth Scientific and Industrial Research Organisation aNew Delhi: bCommonwealth Scientific and Industrial Research Organisation, c1977 a21p. aTechnology aProceedings